Educación: desafios de hoy y mañana: institucionalidad escolar, curriculum, acción pedagógica y trabajo

Kaydedildi:
Detaylı Bibliyografya
Yazar: Pujadas Hermosilla, Gabriel de (Yazar)
Materyal Türü: Kitap
Dil:İspanyolca
Baskı/Yayın Bilgisi: Santiago Corporación de Programación Universitaria 1993
Konular:
Etiketler: Etiketle
Etiket eklenmemiş, İlk siz ekleyin!

MARC

LEADER 00000nam a2200000 a 4500
001 UCY0613
003 CL-VaPUC
008 940808e19930000CL |||||||||||||||||spa|d
082 0 4 |a 370.1  |b PUJ  |2 21 
100 0 |a Pujadas Hermosilla, Gabriel de  |e author  |9 328386 
245 1 0 |a Educación: desafios de hoy y mañana: institucionalidad escolar, curriculum, acción pedagógica y trabajo 
300 |a 120 p 
942 |c BK 
945 |d 19940808 00:00:00  |a rbrito 
260 |a Santiago  |b Corporación de Programación Universitaria  |c 1993 
650 0 |a Educación  |9 258661 
583 |a last modification  |c 19940808 00:00:00  |k Rodrigo Vera 
999 |c 229576  |d 229574 
952 |0 0  |1 0  |4 0  |6 370_100000000000000_PUJ_1993  |7 0  |8 A  |9 230871  |a BIBGIM  |b BIBGIM  |d 2019-11-15  |i 2948265  |o 370.1 PUJ 1993  |p 2948265  |r 2025-01-15  |w 2019-11-15  |y BK  |k SSL 
952 |0 0  |1 0  |4 0  |6 370_100000000000000_PUJ_1993  |7 0  |8 A  |9 230872  |a BIBEDU  |b BIBEDU  |d 2019-11-15  |i 3002519  |o 370.1 PUJ 1993  |p 3002519  |r 2019-11-15  |w 2019-11-15  |y BK  |k EDU 
952 |0 0  |1 0  |4 0  |6 370_100000000000000_PUJ_1993  |7 0  |8 A  |9 230873  |a BIBEDU  |b BIBEDU  |d 2019-11-15  |i 3001431  |o 370.1 PUJ 1993  |p 3001431  |r 2019-11-15  |w 2019-11-15  |y BK  |k EDU